Project value rulebook rewrite (Record no. 70849)
[ view plain ]
| 000 -LEADER | |
|---|---|
| fixed length control field | 00875cam a2200205 4500 |
| 001 - CONTROL NUMBER | |
| control field | WB3828-19 |
| 008 - FIXED-LENGTH DATA ELEMENTS--GENERAL INFORMATION | |
| fixed length control field | 020730n2002 000 0 eng u |
| 035 ## - SYSTEM CONTROL NUMBER | |
| System control number | (Sirsi) u119105 |
| 245 ## - TITLE STATEMENT | |
| Title | Project value rulebook rewrite |
| 260 ## - PUBLICATION, DISTRIBUTION, ETC. | |
| Date of publication, distribution, etc. | 2002 |
| 490 ## - SERIES STATEMENT | |
| Series statement | HM Treasury Press Release |
| Volume/sequential designation | (74/02) 24 July 2002, (1) |
| 520 ## - SUMMARY, ETC. | |
| Summary, etc. | Treasury has launched a draft consultation on the "Appraisal and evaluation in central government" (The Green Book). New approach intends to increase transparency and robustness of government public spending decisions, to ensure that investment decisions, with long-term paybacks, are suitably valued. www.hm-treasury.gov.uk/Newsroom_and_Speeches/Press/2002/press_74_02.cfm |
| 590 ## - LOCAL NOTE (RLIN) | |
| Local note | WB |
| 650 ## - SUBJECT ADDED ENTRY--TOPICAL TERM | |
| Topical term or geographic name entry element | INVESTMENT |
| 650 ## - SUBJECT ADDED ENTRY--TOPICAL TERM | |
| Topical term or geographic name entry element | GREEN BOOK |
| 650 ## - SUBJECT ADDED ENTRY--TOPICAL TERM | |
| Topical term or geographic name entry element | EVALUATION |
| 650 ## - SUBJECT ADDED ENTRY--TOPICAL TERM | |
| Topical term or geographic name entry element | APPRAISAL |
| 690 ## - LOCAL SUBJECT ADDED ENTRY--TOPICAL TERM (OCLC, RLIN) | |
| Topical term or geographic name as entry element | Project management |
| 9 (RLIN) | 6261 |
| 942 ## - ADDED ENTRY ELEMENTS (KOHA) | |
| Suppress in OPAC | 0 |
| Withdrawn status | Lost status | Source of classification or shelving scheme | Damaged status | Not for loan | Home library | Current library | Shelving location | Date acquired | Total Checkouts | Full call number | Barcode | Date last seen | Copy number | Price effective from | Koha item type |
|---|---|---|---|---|---|---|---|---|---|---|---|---|---|---|---|
| Dewey Decimal Classification | London | London | News article | 30/07/2002 | WB3828-19 | 119105-1001 | 06/08/2019 | 1 | 06/08/2019 | News article |